000 00252nam a22001217a 4500
020 _a978-8186906194
041 _aENG
245 _aThe Second Citizens'Report
260 _aDelhi
_bCSE
_c1984
300 _a393
650 _aSWCE
856 _uSWCE ( 24 )
999 _c1810
_d1810